000 00592nam a2200241Ia 4500
003 OSt
005 20221007101954.0
006 a|||||r|||| 00| 0
007 ta
008 221006b |||||||| |||| 00| 0 eng d
024 _a9,051
037 _cBound Volume
040 _aLCO
_cLCO
_beng
041 _2eng
_aeng
082 _aZm2,N75, L5
245 0 _aALL INDIA REPORTER, Orissa & Patna Section
260 _aNagpur
_bChitley (D.W.)
_c1975
300 _a660
490 _v62
650 _aAIR
942 _hZm2,N75, L5
_cCR
999 _c1178614
_d1178614